00533 2200181 4500001002100000005001700021008004100038035002400079040001200103082001600115090002100131245005800152260005900210300002600269700002900295850001200324990001500336YOGYA-0209000005203620090227032857.0 ind  0010-020900000052036 aYOPDYOG a499.2122105 a499.2122105bStr aSTRUKTUR bahasa Pekalcoleh Syahwin Nikelas...[et.al] aJakartabPusat Pembinaan dan Pengembangan Bahasac1986 axvii, 93bilusc21 cm aNikelas, Syahwin [et al] aYOPDYOG aA000004898